000 01542nam a2200469 i 4500
001 41569
003 KOSZ 005
005 20220401142228.0
008 020506s2002 pl a |000 0 pol
015 _aUWD 2002/7492
020 _a8372442851
035 _a991018145469705066
035 _a(PL-WaBN)b14917026-48omnis_nlop
035 _ab14917026
035 _a(OCoLC)749328814
035 _azz2003887436
035 _a(PL)b0000001491702
035 _a(EXLNZ-48OMNIS_NETWORK)9910001441305606
040 _aWA N
_cWA N
_dKOSZ 005/HR
046 _k2002
080 _a631:54
080 _a(075.8)
245 0 0 _aChemia rolna :
_bpodstawy teoretyczne i praktyczne /
_cpod red. Stanisława Mercika.
260 _aWarszawa :
_bWydaw. SGGW [Szkoły Głównej Gospodarstwa Wiejskiego],
_c2002.
300 _a287 s. :
_bil. ;
_c24 cm.
336 _aTekst
_btxt
_2rdacontent
337 _aBez urządzenia pośredniczącego
_bn
_2rdamedia
338 _aWolumin
_bnc
_2rdacarrier
380 _aKsiążki
388 _a2001-
504 _aBibliogr.
521 8 _aPodręcznik dla studentów rolnictwa i ogrodnictwa.
650 7 _aAgrochemia
_2DBN
655 7 _aPodręczniki akademickie
_2DBN
658 _aRolnictwo i leśnictwo
658 _aChemia
700 1 _aMercik, Stanisław
_d(1931- )
_eRedakcja
710 2 _aWydawnictwo SGGW
856 _uhttp://koha.tu.koszalin.pl/cgi-bin/koha/opac-detail.pl?biblionumber=41569
_yKatalog online BPK
942 _2UKD
_cKS
999 _c41569
_d41569